Online
Catalog

Lawrence de Arabia / (Record no. 21694)

MARC details
000 -CABECERA
campo de control de longitud fija 00864nam a2200241 a 4500
001 - NÚMERO DE CONTROL
campo de control 000022196
005 - FECHA Y HORA DE LA ÚLTIMA TRANSACCIÓN
campo de control 20200930011626.0
008 - DATOS DE LONGITUD FIJA--INFORMACIÓN GENERAL
campo de control de longitud fija 100917s1984 sp a 000 |bspa d
020 ## - NÚMERO INTERNACIONAL ESTÁNDAR DEL LIBRO
Número Internacional Estándar del Libro 8434581450
040 ## - FUENTE DE LA CATALOGACIÓN
Centro catalogador/agencia de origen DO-SdBNP
Lengua de catalogación spa
Centro/agencia transcriptor BNPHU
082 ## - NÚMERO DE LA CLASIFICACIÓN DECIMAL DEWEY
Número de clasificación 923.5
Número de documento/Ítem L419P
100 1# - ENTRADA PRINCIPAL--NOMBRE DE PERSONA
Nombre de persona Perceval Graves, Richard
9 (RLIN) 45918
245 10 - MENCIÓN DE TÍTULO
Título Lawrence de Arabia /
Mención de responsabilidad, etc. Richard Perceval Graves; prólogo, Manuel Diez Alegria.
260 ## - PUBLICACIÓN, DISTRIBUCIÓN, ETC.
Lugar de publicación, distribución, etc. Barcelona :
Nombre del editor, distribuidor, etc. Salvat,
Fecha de publicación, distribución, etc. 1984.
300 ## - DESCRIPCIÓN FÍSICA
Extensión 183 p. :
Otras características físicas il. ;
Dimensiones 20 cm.
490 1# - MENCIÓN DE SERIE
Mención de serie Biblioteca Salvat de grandes biografías;
Designación de volumen o secuencia 6
500 ## - NOTA GENERAL
Nota general Incluye notas al pie de páginas
504 ## - NOTA DE BIBLIOGRAFÍA, ETC.
Nota de bibliografía, etc. Bibliografía: p. 184
600 14 - PUNTO DE ACCESO ADICIONAL DE MATERIA--NOMBRE DE PERSONA
Nombre de persona LAWRENCE DE ARABIA, TMOMAS EDWARD,
Fechas asociadas al nombre 1888-1935
9 (RLIN) 45919
700 12 - PUNTO DE ACCESO ADICIONAL--NOMBRE DE PERSONA
Nombre de persona Diez Alegria, Manuel
Término indicativo de función/relación pról.
9 (RLIN) 45920
830 #0 - PUNTO DE ACCESO ADICIONAL DE SERIE-TÍTULO UNIFORME
Título uniforme Biblioteca Salvat de grandes biografías;
Número de parte o sección de la obra 6
9 (RLIN) 45921
910 ## - DATOS DE OPCIÓN DEL USUARIO (OCLC)
Datos de opción del usuario Validado. Control de calidad MFF
Holdings
Estado de retiro Estado de pérdida Restricciones de uso No para préstamo Código de colección Localización permanente Ubicación/localización actual Ubicación en estantería Fecha de adquisición Número de inventario Total de préstamos Signatura topográfica completa Código de barras Fecha visto por última vez Precio válido a partir de Tipo de ítem Koha
      Excluido de préstamo Monografías: Libros y Folletos General General Depósito 17.09.2010 LF1   923.5 L419P 22196-10 25.06.2020 25.06.2020 No se presta

Powered by Koha